Guess the name of KPop Idols - Statistics

General Stats
  • This quiz has been taken 402 times
  • The average score is 9 of 16
Answer Stats
Picture Answer % Correct
Wonyoung
92%
Yuqi
87%
Chaewon
85%
Mina
84%
Ningning
76%
Liz
75%
Hanni
74%
Chuu
71%
Bahiyyih
69%
Haewon
64%
Tsuki
48%
Isa
31%
Mashiro
22%
Yoohyeon
8%
Haram
7%
Dajeong
3%
No matching quizzes found
Score Distribution
Percent of People with Each Score
Percentile by Number Answered
Your Score History
You have not taken this quiz